000 00307nam a2200109Ia 4500
008 210430s9999 xx 000 0 und d
020 _a9780195471670
082 _a327.5491 S2531 P
100 _aAbdul Sattar
_953683
245 _aPakistanΓÇÖs Foreign Policy,1947-2005
_cAbdul Sattar
942 _cBK
_2ddc
999 _c563853
_d563853